000 00821cam a2200289 i 4500
001 2693390
003 BDDh-ASL
005 20231015031343.0
008 750416s1974 enk b 000 0 eng
010 _a 75309877
015 _aGB75-01402
020 _a0340187034 :
_c£2.95
040 _aDLC
_cBDDh-ASL
_dDLC
041 _aeng
050 0 0 _aBV4501.2
_b.G58 1974
082 0 0 _a248.4
_bGLW
100 1 _aGlubb, John Bagot,
_cSir,
_d1897-1986.
245 1 4 _aThe way of love :
_blessons from a long life /
_cJohn Bagot Glubb.
260 _aLondon :
_bHodder & Stoughton,
_c1974.
300 _a192 p. ;
_c21 cm.
504 _aBibliography: p. 189-192.
650 0 _aChristian life.
650 0 _aLove.
650 0 _aGod (Christianity)
906 _a7
_bcbc
_corignew
_d3
_encip
_f19
_gy-gencatlg
942 _2ddc
_cBK
999 _c32111
_d32111